Space antenna handbook

Zapisane w:
Opis bibliograficzny
Główni autorzy: Imbriale, William A (Autor), Gao, Steven Shichang (Autor), Boccia, Luigi (Autor)
Format: Książka
Język:angielski
Wydane: Chichester John Wiley and Sons 2012
Wydanie:1a. ed
Hasła przedmiotowe:
Etykiety: Dodaj etykietę
Nie ma etykietki, Dołącz pierwszą etykiete!

MARC

LEADER 00000cam a2200000 a 4500
001 UCE2690
003 CL-VaPUC
008 140724e20120000uk |||||||||||||||||eng|d
020 |a 9781119993193 
082 0 4 |a 629.4743  |b IMB  |2 21 
100 0 |a Imbriale, William A  |e author  |9 575226 
700 0 |a Gao, Steven Shichang  |e author  |9 575227 
700 0 |a Boccia, Luigi  |e author  |9 575228 
245 1 0 |a Space antenna handbook 
250 |a 1a. ed 
300 |a 744 p 
942 |c BK 
945 |d 20140724 10:48:00  |a cmena 
260 |a Chichester  |b John Wiley and Sons  |c 2012 
650 0 |a Antenas  |9 263309 
650 0 |a Vehículos espaciales  |9 575229 
650 7 |a RADIO TRANSMISION  |2 CL-VaPUC  |9 573461 
650 0 |a Satélites artificiales   |9 361058 
650 0 |a Telecomunicaciones   |9 257195 
583 |a last modification  |c 20140724 10:48:00  |k Rodrigo Vera 
999 |c 356265  |d 356263 
952 |0 0  |1 0  |3 erd  |4 0  |6 629_474300000000000_IMB_2012  |7 0  |8 A  |9 463482  |a BIBING  |b BIBING  |i 5091152  |l 1  |o 629.4743 IMB 2012  |p 5091152  |r 2025-01-20  |s 2023-08-31  |w 2019-11-23  |y BK  |z Catalogado en:20140724  |k EIE